Библиотека в саду: Писатели античности, средневековья и Возрождения о книге, чтении, библиофильстве. (Запис № 350382)

МАРК-запис
000 -Лідер
fixed length control field 01463nam a22002417a 4500
003 - Ідентифікатор контрольного номера
control field UA-OsUOA
001 - Контрольний номер
control field 64268
007 - Фіксоване поле фізичного опису
fixed length control field ta
008 - Елементи даних фіксованої довжини – загальна інформація
fixed length control field 20091103b un ||||| |||| 00| 0 ukr d
090 ## - Локальний шифр розміщення
Класифікаційний індекс УДК 821.161.1
040 ## - Джерело каталогізації
Агенція оригінальної каталогізації UA-OsUOA
Мова каталогізації rus
Агенція, яка здійснювала перезапис UA-OsUOA
Агенція, яка здійснювала модифікацію UA-OsUOA
041 ## - Код мови
Код мови тексту/ звукової доріжки чи окремого заголовка (П) rus
080 ## - Індекс Універсальної десяткової класифікації
Індекс Універсальної десяткової класифікації (УДК) (НП) 821.161.1
245 ## - Відомості про назву
Назва (НП) Библиотека в саду: Писатели античности, средневековья и Возрождения о книге, чтении, библиофильстве.
Дані про відповідальність (НП) Сост. В.А.Эльвова
260 ## - Публікація, розповсюдження і т.п. (Вихідні дані)
Місце публікації, розповсюдження і т.п. (П) М.
Ім’я/ наймення видавництва, розповсюджувача і т.п. (П) Книга
Дата публікації, розповсюдження і т.п. (П) 1985
300 ## - Фізичний опис
Обсяг 255 с.
520 3# - Резюме і т.п.
Резюме, реферат, анотація, тощо (НП) Сборник содержит произведения тридцати писателей Древней Греции, Древнего Рима, Византии, Англии, Испании, Италии и Нидерландов с V века до н.э. до начала XVII века. в философских диалогах и жизнеописаниях, в отрывках их трактатов и романов, в письмах
520 3# - Резюме і т.п.
Резюме, реферат, анотація, тощо (НП) и мемуарах писатели рассказывают о нравственной, социальной, эстетической, философской роли книги, о чтении, собирателях и ценителях книг.
650 #7 - Додаткове предметне введення – тематичний термін
Тематичний термін чи географічна назва, як елемент введення (НП) 82 Література. Літературознавство
Джерело заголовка чи терміна UDC
942 ## - Додаткові елементи входу (Коха)
Тип елемента Koha Книги
955 ## - Код типу видання за змістом
Код типу видання за змістом (НП) Навчальні видання
Фонди
Стан вилучень Стан втрат Джерело класифікації або схеми стелажів Стан уражень Не для кредиту Код колекції Постійне місце розташування Поточне розміщення Дата придбання Джерело придбання Вартість, звичайна ціна покупки Інвентарний номер Усього замовленно Штрих-код Дата останнього перегляду Ціна ефективна від Тип елемента Koha
    Universal Decimal Classification     Колекція Ковальського М.П. ЧЗ - Читальна зала ЧЗ - Читальна зала 03/11/2009 128/2009 5.00 124009   124009 07/02/2022 03/11/2009 Книги